000 00549nam a2200133Ia 4500
008 220615s9999||||xx |||||||||||||| ||und||
020 _a9780260000000
100 _aHenke, Christopher R.||Sims, Benjamin
245 0 _aRepairing Infrastructures
_bThe Maintenance of Materiality and Power
546 _aEnglish[eng]
650 _aCentral / national / federal government policies||Impact of science and technology on society||Environmental science, engineering and technology
856 _uhttps://doi.org/10.7551/mitpress/11771.001.0001
942 _cEB
999 _c15547
_d15547